000 01544cam a2200505 a 4500
001 22316
003 VRT
005 20260326103552.0
008 130503s2013 xo g 000 j slo d
015 _aSNBA2013/04
020 _a9788055133829 (brož.)
035 _aa000476175
039 9 _a202303241359
_bizakovicm
_c201306250944
_dzima
_c201306130826
_dkucmanj
_c201305031327
_dviera
040 _aSVKBB
_bslo
_cUKB
_dSNK
_eAACR2
041 1 _aslo
_heng
044 _axo
_cSK
072 7 _a133
_xEzoterizmus. Okultizmus
_2konspekt
080 _a2-167.2
_22001
080 _a2-167
_22001
080 _a133.9
_22001
080 _a(0:82-94)
_22001
100 1 _aGray, Kyle
240 1 4 _aThe angels whisperer.
_lSlovensky
245 1 0 _aPrivolávač anjelov
_b[neuveriteľné príbehy nádeje a lásky sprostredkované anjelmi]
_cKyle Gray ; [z anglického originálu preložila Elvíra Haugová]
260 _aBratislava
_bIkar
_c2013
300 _a207 s.
650 0 7 _aanjeli
_2UKBPH
650 0 7 _aduchovia
_2UKBPH
650 0 7 _ašpiritizmus
_2UKBPH
653 _a2-167.2
653 _a2-167
653 _a133.9
653 _a(0.82-94)
655 7 _aautobiografické spomienky
_2UKBPH
700 1 _aHaugová, Elvíra
_4trl
910 _asvkbb
910 _asllk
910 _asnk
910 _askpk
910 _aukb
942 _2ddc
_cKLDO
_n0
949 _61800577035
_aSL.D.91578
_bPV.5455-2013
949 _61800577036
_aSK.D.59366
_bPV.5456-2013
_s6707:20130626
999 _c22316
_d22316